The fractal geometry of nature
Saved in:
| Main Author: | |
|---|---|
| Format: | Book |
| Language: | English |
| Published: |
New York :
W.H Freeman & Co,
c1983
|
| Edition: | Updated and augmented |
| Subjects: | |
| Tags: |
Add Tag
No Tags, Be the first to tag this record!
|
MARC
| LEADER | 00000nam a2200000 i 4500 | ||
|---|---|---|---|
| 001 | 1/15433 | ||
| 008 | 980604s1983 eng d | ||
| 020 | |a 0-7167-1186-9 | ||
| 035 | |l 10019827 | ||
| 040 | |a GR-MY-UA |b gre |e aacr | ||
| 041 | 0 | |a eng | |
| 082 | 0 | |a 516.15 | |
| 100 | 1 | |a Mandelbrot, Benoit B. | |
| 245 | 1 | 4 | |a The fractal geometry of nature / |c Benoit b. Mandelbrot |
| 250 | |a Updated and augmented | ||
| 260 | |a New York : |b W.H Freeman & Co, |c c1983 | ||
| 300 | |a 468 σ.; |b εικ. (μερ. έγχρ.); |c 24 εκ. | ||
| 500 | |a Rev. ed. of: Fractals, c1977 | ||
| 504 | |a Περιέχει βιβλιογραφικές παραπομπές (σ. 425-443) και ευρετήριο | ||
| 650 | 0 | 0 | |a Geometry. |
| 650 | 0 | 0 | |a Mathematical models. |
| 650 | 0 | 0 | |a Stochastic processes. |
| 852 | |a INST |b LESVOS |e 19980604 |h 516.15 MAN |p 005100014509 |q 005100014509 |t BK |y 0 | ||
| 901 | |a BIBL-1998-2 | ||
| 909 | |a Λ |b 057229 | ||
| 922 | |a 1ΕΛΗ |b 199805 |c ΚΠΣ/ΤΠ |d ΠΑΠΑΣΩΤΗΡΙΟΥ | ||
| 950 | |a 107-1998-04-08 | ||